Malaysia SME business directory : the business guide of Malaysian SMEs 2012.
| Format: | Book |
|---|---|
| Published: |
Milan:
Centre for Industrial Studies (CSIL),
2012.
|
| Subjects: |
| LEADER | 00537cam a2200133 7i4500 | ||
|---|---|---|---|
| 001 | 0000028303 | ||
| 005 | 20120924090000.0 | ||
| 090 | 0 | 0 | |a CD 338.7025 |b MAL (M) |
| 245 | 2 | 0 | |a Malaysia SME business directory : |b the business guide of Malaysian SMEs 2012. |
| 260 | 0 | 0 | |a Milan: |b Centre for Industrial Studies (CSIL), |c 2012. |
| 300 | # | # | |a Electronic computer optical disc (CD-ROM). |
| 650 | 0 | 0 | |a Small and medium - sized enterprises (SME) -- |x Directories -- |z Malaysia |
| 651 | 0 | 0 | |a Malaysia |
| 999 | |a CDR001166H |b CD-ROM |c AV Collection |e Business Information Centre | ||